Logo - symbol, signál, značka
Definícia loga. Logo v sebe koncentruje emócie a informácie. Psychologické účinky rôznych typov loga.
Gespeichert in:
| 1. Verfasser: | |
|---|---|
| Format: | Buchkapitel |
| Sprache: | Tschechisch |
| Schlagworte: | |
| Tags: |
Keine Tags, Fügen Sie das erste Tag hinzu!
|
MARC
| LEADER | 00000naa a2200000 4500 | ||
|---|---|---|---|
| 001 | r037134 | ||
| 005 | 20230911121749.9 | ||
| 041 | 0 | |a cze | |
| 044 | |a CZ | ||
| 245 | 1 | 0 | |a Logo - symbol, signál, značka |c Michaela Jandová |
| 520 | |a Definícia loga. Logo v sebe koncentruje emócie a informácie. Psychologické účinky rôznych typov loga. | ||
| 610 | 2 | 0 | |a logo |
| 610 | 2 | 0 | |a známky ochranné |
| 610 | 2 | 0 | |a symboly |
| 610 | 2 | 0 | |a identita podniková |
| 610 | 2 | 0 | |a psychológia reklamy |
| 610 | 2 | 0 | |a správanie spotrebiteľa |
| 100 | 1 | |a Jandová, Michaela | |